000 00450nam a2200169 a 4500
001 4526
003 CO-ViMGA
008 141112s2004 ck r 000 u spa d
040 _aCO-ViMGA
_bspa
_cCO-ViMGA
082 0 4 _a511.2 B657p
100 1 _aBolt, Brian
245 1 0 _a101 Proyectos matemáticos /
_cBolt Brian , Hobbs David
260 _aBarcelona :
_bLabor,
_c1991
300 _a168 p : il
650 1 4 _aMATEMATICAS RECREATIVAS
942 _2ddc
_cBK
999 _c16536
_d16536